[Event "2nd Salamanca Festival 2019"]
[Site "Salamanca"]
[Date "2019.11.27"]
[Round "1.1"]
[White "Cyfka, Karina"]
[Black "Santos Ruiz, Miguel"]
[Result "0-1"]
[WhiteElo "2412"]
[BlackElo "2583"]
[Annotator "TA"]
[PlyCount "82"]
[EventDate "2019.11.27"]
[EventType "swiss"]
[EventCountry "ESP"]
[SourceTitle "playchess.com"]
[Source "ChessBase"]
[SourceQuality "1"]

{[%evp 10,87,25,27,25,29,30,34,33,25,29,15,81,8,9,3,0,-14,-19,-20,-21,-20,-15,-21,-6,-12,-6,-11,-8,-10,0,0,0,0,0,0,0,-85,-88,-105,-53,-54,-62,-110,-110,-145,-127,-211,-222,-226,-223,-226,-217,-207,-221,-220,-214,-234,-220,-245,-215,-204,-185,-110,-6,-4,-4,-4,50,-122,-120,-410,-412,-420,-374,-375,-361,-402,-406,-392]} 1. d4 Nf6 2. c4 b6 3. Nc3 Bb7 4. Qc2 d5 5. cxd5 Nxd5 6. e4 Nxc3 {A50: Queen's Fianchetto Defence (1 d4 Nf6 2 c4 b6)} 7. bxc3 e6 (7... e5 8. Nf3 Nd7 9. Bc4 Bd6 10. Ng5 O-O 11. O-O Be7 12. f4 Bxg5 13. fxg5 Qe7 14. Bd3 exd4 15. cxd4 {½-½ (38) Le,Q (2737)-Iturrizaga Bonelli,E (2650) chess.com INT 2018}) 8. Nf3 Be7 {White is slightly better.} 9. Bd3 c5 10. O-O O-O (10... cxd4 $1 $11 11. Bb5+ (11. cxd4 O-O $11) (11. Nxd4 a6 $11) 11... Bc6 12. Bxc6+ Nxc6) 11. Bb2 (11. d5 $1 $16) 11... Qc8 $11 12. Qe2 Ba6 13. Bxa6 $146 ({Predecessor:} 13. Nd2 Bxd3 14. Qxd3 Rd8 15. Rfd1 Qb7 16. Nf1 Nc6 17. Qe2 Bf6 18. d5 exd5 19. exd5 {½-½ (28) Zaika,D (2228)-Geshko,A (2177) Moscow 2018}) 13... Qxa6 14. Qxa6 Nxa6 15. Rfd1 Rfd8 16. a3 Bf6 17. Kf1 Rac8 18. Rac1 Nb8 19. a4 Nc6 20. dxc5 bxc5 21. Ba3 Rxd1+ 22. Rxd1 c4 23. Bc5 (23. Nd2 $11 {keeps the balance.}) 23... Bxc3 $17 24. Rc1 {[#]} Na5 (24... Bb2 $1 $17 {[%cal Rb2c1]} 25. Rxc4 Na5) 25. Bxa7 $15 Bb2 26. Rc2 c3 27. Ne1 Nc4 28. Nd3 (28. Be3 $17 {might work better.}) 28... Na3 $19 29. Re2 c2 {Hoping for ...Rc3.} 30. Be3 c1=Q+ 31. Bxc1 Bxc1 32. Ra2 {[#]} Rc3 $1 {[%cal Rc3d3]} 33. Ke2 Bg5 34. a5 {[%cal Ba4a5,Ba5a6,Ba6a7][%mdl 32] intending a6.} Be7 35. Rb2 Bf8 36. a6 {Black must now prevent a7.} Rc6 ({Black should play} 36... Nc4 $17 37. Ra2 Nb6) 37. a7 $11 Ra6 38. Rb7 f6 (38... g5 $11) 39. Kd2 $2 (39. Nf4 $14 Nb5 40. Rxb5 Rxa7 41. Nxe6) 39... Nc4+ $17 40. Kc3 $2 {[%mdl 8192]} (40. Kc2 $17) 40... Nd6 $1 $19 {[%csl LRb7,LRe4][%mdl 64] Double Attack. Black is winning.} 41. Rd7 {[#]} Nb5+ {Played: Ra6xa7} 0-1

[Event "2nd Salamanca Festival 2019"]
[Site "Salamanca"]
[Date "2019.11.27"]
[Round "1.2"]
[White "Hou, Yifan"]
[Black "Ponomariov, Ruslan"]
[Result "1/2-1/2"]
[WhiteElo "2659"]
[BlackElo "2648"]
[Annotator "TA"]
[PlyCount "110"]
[EventDate "2019.11.27"]
[EventType "swiss"]
[EventCountry "ESP"]
[SourceTitle "playchess.com"]
[Source "ChessBase"]
[SourceQuality "1"]

{[%evp 9,109,23,22,19,25,9,28,15,2,-7,12,12,22,0,0,0,0,0,0,0,0,0,0,0,0,0,0,0,0,0,0,0,0,0,0,0,7,-11,-14,-39,-39,-39,-48,-40,-42,-44,-39,-70,-70,-70,-72,-72,-16,-22,0,0,0,0,0,0,0,0,0,0,0,0,0,0,0,0,0,-22,-29,-29966,-29968,-29967,0,0,0,0,0,0,0,0,0,0,0,0,0,0,0,0,0,0,0,0,0,0,0,0,0,0]} 1. e4 e5 2. Nf3 Nc6 3. Bb5 Nf6 4. d3 Bc5 5. Bxc6 dxc6 6. Nbd2 {C65: Ruy Lopez: Berlin Defence (3...Nf6), unusual lines and 4 0-0 Bc5} Bg4 (6... Be6 7. O-O Nd7 8. Nb3 Bb6 9. Ng5 Bxb3 10. axb3 Qe7 11. Nf3 O-O 12. Nd2 Nc5 13. Nc4 f6 {1-0 (102) Dominguez Perez,L (2763)-Wang,H (2726) Khanty-Mansiysk 2019}) 7. Nc4 Nd7 8. h3 {White has an edge.} Be6 $146 ({Predecessor:} 8... Bxf3 9. Qxf3 Qh4 10. Bd2 b6 11. b4 Bd6 12. Qg4 Qf6 13. O-O Qg6 {½-½ (39) Kanmazalp,O (2448)-Murray,P (2235) Reykjavik 2017}) 9. Na5 Rb8 10. O-O f6 11. Qe1 (11. Nc4 {is interesting.} O-O 12. Bd2 Qe7 13. Ne3 Ra8 14. Nf5) 11... O-O 12. Be3 Bxe3 13. Qxe3 c5 14. a3 c6 15. b4 Qc7 16. Nd2 b6 17. Nab3 {[%cal Rb4c5]} Qd6 18. bxc5 Nxc5 19. Nxc5 bxc5 20. Rfb1 Rb6 21. a4 Rfb8 22. Rxb6 axb6 23. a5 Ra8 24. Nb3 Bxb3 $1 25. cxb3 Rxa5 26. Rxa5 bxa5 $15 {[%mdl 4096] Endgame KQ-KQ} 27. Qe2 Kf8 28. Qg4 Qxd3 29. Qc8+ Kf7 {aiming for ...a4.} 30. Qxc6 Qd4 ({Don't play} 30... Qxb3 31. Qd7+ Kf8 32. Qd8+ Kf7 33. Qd7+ Kg6 34. Qg4+ Kh6 35. Qh4+ Kg6 36. Qg4+ Kh6 37. Qh4+ Kg6 38. Qg4+ $11) (30... Kg6 $17 31. Qa4 Qc2 32. Qxa5 Qxb3 33. Qxc5 Qb1+ {[%mdl 64] Double Attack} 34. Kh2 Qxe4) 31. g4 $11 h6 32. Qc7+ $1 Kg6 33. Qxa5 Qxe4 34. Qxc5 Qb1+ 35. Kg2 Qxb3 36. Qc6 $1 Qd3 {Hoping for ...Kg5.} 37. h4 $1 e4 {And now ...Qf3+ would win.} 38. Qe6 Qf3+ 39. Kg1 Qf4 40. Kg2 Qe5 41. Qxe5 $4 {[%mdl 8192]} (41. Qd7 $11) 41... fxe5 {KP-KP} 42. Kf1 {[#]} h5 $2 (42... Kf6 $1 {mates} 43. Kg2 g6 44. Kf1 g5 45. h5 Ke7 46. Ke2 Kd6 47. Ke3 Kd5 48. Kd2 Kd4 49. Ke2 {[#]} e3 $1 {[%mdl 512]} 50. fxe3+ Kc3 51. Kf3 Kd3 52. e4 Kd4 53. Ke2 Kxe4 54. Kd2 Kf4 55. Ke2 Kxg4 56. Ke3 Kf5 57. Kf2 Kf4 58. Ke1 Ke3 59. Kd1 Kf4 60. Kd2 g4 61. Ke1 g3 62. Ke2 e4 63. Ke1 e3 64. Kf1 Kf3 65. Ke1 e2 66. Kd2 g2 67. Kc3 e1=Q+ 68. Kb2 g1=Q 69. Kb3 Qb6+ 70. Kc4 Qe4+ 71. Kc3 Qbb4#) 43. gxh5+ $1 {K3P-K3P. The position is equal.} Kf5 (43... Kxh5 $5 44. Ke2 $8 Kxh4 $11) 44. Ke1 Kg4 (44... e3 $5 {[%cal Re3f2]} 45. f3 Kf4 $11) 45. Ke2 Kf4 (45... Kxh4 $5 46. Ke3 $8 Kxh5 $11) 46. h6 $1 {[%cal Rh6g7]} gxh6 {K3P-KPP} 47. h5 {[#]} e3 $1 {[%mdl 512]} 48. f3 (48. fxe3+ Kg3) 48... e4 49. fxe4 Kxe4 {KPP-KP} 50. Ke1 Kf3 51. Kf1 Kg4 52. Ke2 Kf4 53. Ke1 $1 Kf3 {( -> ...e2)} 54. Kf1 e2+ 55. Ke1 Ke3 {Accuracy: White = 67%, Black = 69%.} 1/2-1/2

[Event "2nd Salamanca Festival 2019"]
[Site "Salamanca"]
[Date "2019.11.27"]
[Round "1.3"]
[White "Vega Gutierrez, Sabrina"]
[Black "Topalov, Veselin"]
[Result "0-1"]
[WhiteElo "2374"]
[BlackElo "2736"]
[Annotator "TA"]
[PlyCount "70"]
[EventDate "2019.11.27"]
[EventType "swiss"]
[EventCountry "ESP"]
[SourceTitle "playchess.com"]
[Source "ChessBase"]
[SourceQuality "1"]

{[%evp 9,70,-3,3,11,0,0,0,0,23,32,52,25,17,-95,27,6,71,64,57,0,0,0,0,-138,-139,-145,-134,-139,-111,-102,-110,-98,-89,-178,-185,-172,-85,-83,-83,-125,-117,-112,-119,-152,-133,-213,-232,-192,-206,-347,-267,-316,-320,-403,-402,-547,-541,-547,-545,-829,-821,-1288,-1225]} 1. e4 e6 2. d3 c5 3. Nf3 Nc6 4. g3 g6 5. Bg5 f6 (5... Qb6 {seems wilder.} 6. Bd2 Bg7 7. Nc3 d6 8. Rb1 Nge7) 6. Be3 {B40: Sicilian: 2...e6, Unusual lines} d5 7. exd5 exd5 8. d4 {The position is equal.} c4 9. Bg2 $146 ({Predecessor:} 9. Nc3 Nge7 10. Bg2 Be6 11. Qe2 Qd7 12. b3 cxb3 13. axb3 {½-½ (35) Hamdouchi,H (2592)-Libiszewski,F (2496) Nice 2011}) 9... Bd6 10. Nh4 Nge7 11. Bh6 (11. Nc3 $11) 11... Kf7 (11... Qb6 $17 {Threatens to win with ...g5.} 12. Bg7 Rg8 13. Bxf6 Qxb2) 12. O-O Be6 (12... Qb6 $1 $11) 13. Nc3 $16 Bb4 14. a3 (14. Na4 $14) 14... Bxc3 $1 $11 15. bxc3 Qd7 16. f4 {[#]} (16. Rb1 $11 {keeps the balance.}) 16... Nf5 $1 $17 {[%cal Rf5h6]} 17. Nxf5 Bxf5 18. Bf3 Rae8 19. g4 Be4 20. f5 Rhg8 21. Kh1 (21. Bxe4 $17 Rxe4 22. Kh1) 21... gxf5 $19 22. Bxe4 Rxe4 (22... fxe4 $19 23. h3 Rg6) 23. gxf5 $17 Rh4 24. Be3 Qe8 25. Qf3 Qe4 26. Rab1 b6 $40 {[%mdl 128] Black goes for the king.} 27. a4 (27. Rbe1 $17) 27... Ne7 $19 28. Qxe4 dxe4 29. Rb5 (29. a5 {might work better.} Rh3 30. Bd2) 29... Rh3 30. Bd2 Rf3 31. Rxf3 exf3 32. Rb1 {If only White now had time for Rg1....} Rg2 {Black is clearly winning.} 33. Bf4 Nd5 34. Bb8 Rxc2 35. Rf1 Ne3 {Accuracy: White = 39%, Black = 54%.} 0-1

[Event "2nd Salamanca Festival 2019"]
[Site "Salamanca"]
[Date "2019.11.27"]
[Round "1.4"]
[White "Milliet, Sophie"]
[Black "Iturrizaga Bonelli, Eduardo"]
[Result "0-1"]
[WhiteElo "2394"]
[BlackElo "2597"]
[Annotator "TA"]
[PlyCount "70"]
[EventDate "2019.11.27"]
[EventType "swiss"]
[EventCountry "ESP"]
[SourceTitle "playchess.com"]
[Source "ChessBase"]
[SourceQuality "1"]

{[%evp 9,70,53,52,54,52,41,53,43,40,17,144,137,136,139,149,104,126,42,31,39,39,0,0,-50,-40,-40,-32,-43,-26,-79,-44,-37,-44,-96,-83,-37,0,-84,-58,-92,-70,-112,-106,-176,-161,-195,-179,-218,-131,-384,-378,-421,-431,-431,-403,-536,-543,-735,-731,-734,-722,-1141,-1109]} 1. e4 c5 2. Nf3 e6 3. g3 b6 4. d4 cxd4 5. Nxd4 Bb7 6. Bg2 {B40: Sicilian: 2...e6, Unusual lines} a6 7. O-O d6 8. Re1 {White is slightly better.} Qc7 9. Nc3 Nf6 {[#]} (9... Be7 $11) 10. Nd5 $1 $16 {[%cal Rd5c7]} Nxd5 11. exd5 e5 12. f4 g6 $146 ({Predecessor:} 12... Nd7 13. fxe5 Nxe5 {0-1 (59) Safarli,E (2639)-Ponkratov,P (2613) Riadh 2017}) 13. Nf3 (13. c4 $16) 13... Nd7 $14 14. fxe5 dxe5 15. Kh1 Bg7 16. d6 Qc8 17. Bg5 f6 18. Be3 O-O 19. Qd2 (19. c3 $11 {remains equal.}) 19... Qc6 20. Rad1 Rad8 21. Re2 (21. Qe2 $15) 21... e4 $36 {[%mdl 2048] Black is really pushing.} 22. Nd4 Qd5 23. Qe1 (23. Bh3 $11 Qh5 24. Be6+ Kh8 25. Bxd7 Rxd7 26. Ne6) 23... Qf7 ({Weaker is} 23... Qxa2 24. b3 $16) 24. Rf2 Rfe8 25. Ne2 Qxa2 26. Nc3 (26. b3 $17) 26... Qf7 27. Qd2 Ne5 {[%cal Bd7e5,Be5c4,Bc4b2][%mdl 32]} 28. Qe2 Nc4 29. Bf4 $2 {[%mdl 8192]} (29. b3 $17 Nb2 30. Rd2) 29... Nxb2 $19 30. d7 Re7 ({Inferior is} 30... Nxd1 31. dxe8=Q+ Qxe8 32. Nxd1 $11) 31. Rb1 Nc4 32. Na4 Rdxd7 {White must now prevent ...e3.Black is clearly winning.} 33. Nxb6 Nxb6 34. Rxb6 {[#]} e3 $1 35. Rf1 (35. Bxe3 Rxe3) 35... Rd2 {Accuracy: White = 24%, Black = 76%.} 0-1

[Event "2nd Salamanca Festival 2019"]
[Site "Salamanca"]
[Date "2019.11.27"]
[Round "2.1"]
[White "Santos Ruiz, Miguel"]
[Black "Iturrizaga Bonelli, Eduardo"]
[Result "1/2-1/2"]
[WhiteElo "2583"]
[BlackElo "2597"]
[Annotator "TA"]
[PlyCount "37"]
[EventDate "2019.11.27"]
[EventType "swiss"]
[EventCountry "ESP"]
[SourceTitle "playchess.com"]
[Source "ChessBase"]
[SourceQuality "1"]

{[%evp 14,37,51,42,42,26,46,44,46,33,47,35,38,27,27,22,23,15,23,13,7,5,6,0,9,0]} 1. d4 Nf6 2. c4 e6 3. Nc3 Bb4 4. Qc2 c5 5. dxc5 O-O 6. a3 Bxc5 7. Nf3 Qb6 8. e3 Be7 {E39: Nimzo-Indian: Classical: 4...c5 5 dxc5 0-0} 9. b3 d6 10. Bb2 a6 {White is slightly better.} 11. Be2 Nbd7 12. O-O Qc7 13. Rfd1 b6 14. Rac1 Bb7 15. Nd4 $146 ({Predecessor:} 15. h3 h6 16. Qb1 {0-1 (44) Drozdovskij,Y (2454)-Shaposhnikov,E (2554) chessassistantclub.com INT 2004}) 15... Rac8 16. Bf3 Bxf3 {The position is equal.} 17. Nxf3 Rfd8 18. Qe2 Qb7 19. h3 {Accuracy: White = 35%, Black = 68%.} 1/2-1/2

[Event "2nd Salamanca Festival 2019"]
[Site "Salamanca"]
[Date "2019.11.27"]
[Round "2.2"]
[White "Topalov, Veselin"]
[Black "Milliet, Sophie"]
[Result "1/2-1/2"]
[WhiteElo "2736"]
[BlackElo "2394"]
[Annotator "TA"]
[PlyCount "113"]
[EventDate "2019.11.27"]
[EventType "swiss"]
[EventCountry "ESP"]
[SourceTitle "playchess.com"]
[Source "ChessBase"]
[SourceQuality "1"]

{[%evp 21,113,33,47,52,44,36,58,64,54,25,64,61,57,47,85,75,85,11,14,19,16,0,7,0,0,0,5,0,0,7,0,3,3,4,5,8,20,10,21,19,18,18,19,7,7,7,22,22,38,27,27,27,43,22,22,0,0,0,0,0,0,0,0,0,0,0,44,44,44,44,44,0,0,0,22,0,0,0,44,44,416,0,0,0,0,0,0,0,170,0,0,0,0,0]} 1. d4 Nf6 2. c4 c5 3. d5 g6 4. Nc3 Bg7 5. e4 d6 6. Nf3 O-O 7. Bd3 e6 8. O-O exd5 9. exd5 Bg4 10. h3 Bxf3 11. Qxf3 Nfd7 12. Ne4 {E90: King's Indian: Classical: Early deviations and 6 h3} (12. Qd1 Re8 13. Bd2 Na6 14. a3 Qh4 15. Qg4 Qxg4 16. hxg4 Nc7 17. Rfe1 h6 18. Rxe8+ Nxe8 19. g3 Nef6 {½-½ (46) Ding,L (2777)-So,W (2810) Tbilisi 2017}) 12... Ne5 13. Qd1 Nxd3 $146 ({Predecessor:} 13... Re8 14. Bf4 Na6 15. a3 Nc7 16. Rb1 Qe7 17. Re1 f5 18. Bg5 Qf8 19. Ng3 b5 {0-1 (44) Huynh,Q (1920)-Truong,A (1704) Bac Giang 2016}) 14. Qxd3 {White is slightly better.} Nd7 15. Bg5 Qb6 16. Bf4 Ne5 17. Qc2 Rfe8 18. Rae1 h6 19. Bg3 (19. b3 $16) 19... f5 $11 20. Nd2 Qc7 21. Qb3 b6 22. f4 Nd7 23. Bh4 Nf8 24. Qc2 Qd7 25. Nf3 Rxe1 26. Rxe1 {With the idea Re7.} Re8 27. b3 {[%cal Bb2b3,Bb3b4][%mdl 32]} Rxe1+ 28. Bxe1 Qe8 29. Kf2 Nd7 (29... Nh7 {feels hotter.} 30. Qe2 Qd7 31. Nh4 Bf6 32. Kf1 Kf7) 30. Qe2 Qxe2+ 31. Kxe2 {[%mdl 4096] Endgame KBN-KBN} Nf6 32. b4 Ne4 33. Kd3 Kf7 34. b5 Bb2 35. Kc2 Bf6 36. a4 Bd8 37. Kd3 g5 38. fxg5 hxg5 39. g4 Kg6 40. Nh2 Nf6 41. Bc3 Ne4 42. Be1 Nf6 43. Ke3 Ne4 44. gxf5+ Kxf5 45. Ng4 {aiming for Nh6+.} Nf6 $1 {[%cal Rf6g4]} 46. Nxf6 (46. Bg3 {keeps more tension.} Be7 47. Kf3 Nd7 48. Ne3+ Kg6 49. Bh2) 46... Bxf6 $14 {KB-KB} 47. a5 Bd8 48. a6 Bf6 49. Kf3 Be7 50. Bg3 Bf8 $2 {[%mdl 8192] [#]} ({Better is} 50... Kf6 $1 $14) 51. Be1 $2 (51. h4 $1 $18 {[%cal Rh4h5] h5 is the strong threat.} g4+ 52. Ke3) 51... Be7 $1 $11 52. Bc3 Bd8 53. Be1 Be7 $2 (53... Bf6 $11 {and Black is okay.}) 54. Bg3 $18 Bf8 {[#]} 55. Bf2 $2 (55. h4 $1 $18) 55... Be7 $11 56. Be1 Bd8 57. Bg3 {Accuracy: White = 59%, Black = 56%.} 1/2-1/2

[Event "2nd Salamanca Festival 2019"]
[Site "Salamanca"]
[Date "2019.11.27"]
[Round "2.3"]
[White "Ponomariov, Ruslan"]
[Black "Vega Gutierrez, Sabrina"]
[Result "1-0"]
[WhiteElo "2648"]
[BlackElo "2374"]
[Annotator "TA"]
[PlyCount "81"]
[EventDate "2019.11.27"]
[EventType "swiss"]
[EventCountry "ESP"]
[SourceTitle "playchess.com"]
[Source "ChessBase"]
[SourceQuality "1"]

{[%evp 13,81,0,0,-2,5,0,0,-29,-32,-14,-16,-40,0,-31,-30,-33,0,-13,0,0,0,0,0,0,8,18,52,21,31,14,22,17,30,16,25,13,11,12,12,14,13,19,27,34,114,37,65,74,175,184,182,180,169,169,295,289,318,284,551,160,170,168,1648,1002,12840,12839,12840,12840,12843,12843]} 1. c4 e5 2. Nc3 Nc6 3. g3 g6 4. Bg2 Bg7 5. e3 d6 6. Nge2 Be6 7. Nd5 Nce7 8. Qb3 $146 {A25: English Opening vs King's Indian with ...Nc6 but without early d3} ({Predecessor:} 8. O-O c6 9. Nxe7 Nxe7 10. d3 Qd7 11. Re1 Bh3 12. d4 Bxg2 13. Kxg2 e4 14. Nc3 d5 15. b3 h5 16. h3 h4 17. g4 f5 18. Ba3 O-O-O {½-½ (18) Beinoras,M (2371)-Narmontas,M (2418) Plateliai 2013}) 8... Rb8 9. d4 b5 10. Nxe7 {The position is equal.} (10. dxe5 {is interesting.} Bxe5 11. O-O bxc4 12. Qa4+ c6 13. Ndf4) 10... Nxe7 11. d5 Bd7 12. e4 c6 13. Nc3 (13. dxc6 {feels hotter.} Be6 14. Qc3 bxc4 15. Nf4 Nxc6 16. Nxe6 fxe6 17. Qxc4 Qd7 18. O-O) 13... bxc4 14. Qxc4 cxd5 (14... Qa5 {keeps more tension.} 15. dxc6 Nxc6 16. Qd5 Qc7 17. Qd1 O-O) 15. Nxd5 Nxd5 16. Qxd5 Be6 17. Qd3 O-O 18. O-O Qc7 19. b3 Rfd8 20. Be3 Qa5 21. Rfd1 Bf8 22. h4 Rdc8 23. Kh2 Rc6 24. Qe2 Rbc8 25. Rac1 Rxc1 26. Rxc1 Rxc1 27. Bxc1 Qc3 28. Be3 a5 (28... Qa5 $1 $14) 29. Qd2 ({White should play} 29. Qb5 $16) 29... Qxd2 30. Bxd2 $14 {[%mdl 4096] Endgame KBB-KBB} a4 (30... f5 $16 {was necessary.}) 31. bxa4 $18 {[%cal Bb3a4,Ba4a5][%mdl 32]} Bxa2 32. a5 {And now a6 would win.} Bc4 {[#]} 33. Kg1 $1 {Threatens to win with Bf1.} Bd3 (33... d5 {was called for.}) 34. Bb4 Be7 35. f3 f5 $2 (35... Bb5 {keeps fighting.} 36. Bf1 Bc6) 36. exf5 $2 (36. Bf1 $18 {and the rest is easy.}) 36... Bxf5 $16 37. f4 exf4 $2 {[#]} (37... Bd8 38. fxe5 (38. Bxd6 Bxa5 39. Bd5+ Kg7 $16) 38... dxe5 39. Bd5+ Kg7) 38. a6 {White is clearly winning.} Bd8 39. Bd5+ Kg7 40. Bc3+ Kh6 41. Bd4 {Accuracy: White = 55%, Black = 25%.} 1-0

[Event "2nd Salamanca Festival 2019"]
[Site "Salamanca"]
[Date "2019.11.27"]
[Round "2.4"]
[White "Cyfka, Karina"]
[Black "Hou, Yifan"]
[Result "1/2-1/2"]
[WhiteElo "2412"]
[BlackElo "2659"]
[Annotator "TA"]
[PlyCount "124"]
[EventDate "2019.11.27"]
[EventType "swiss"]
[EventCountry "ESP"]
[SourceTitle "playchess.com"]
[Source "ChessBase"]
[SourceQuality "1"]

{[%evp 15,124,62,59,37,38,12,54,53,71,45,59,9,39,0,47,42,58,54,54,64,56,62,127,0,93,70,70,84,69,0,121,110,141,90,96,78,65,17,16,19,21,13,12,12,79,75,75,64,69,75,80,30,30,30,28,29,29,28,28,26,18,22,25,-53,0,0,0,0,0,0,0,0,0,0,0,0,0,0,0,0,0,0,0,0,0,0,0,0,0,0,0,0,0,0,0,-8,0,0,0,-8,0,0,0,0,0,0,0,0,0,0,0]} 1. d4 Nf6 2. c4 e6 3. Nf3 c5 4. d5 exd5 5. cxd5 d6 6. Nc3 g6 7. h3 a6 8. a4 Qe7 9. Nd2 {A61: Modern Benoni: Nf3 without early e4} (9. Bf4 Nbd7 10. e3 Bg7 11. Be2 O-O 12. O-O Rb8 13. Re1 Ne8 14. e4 Ne5 15. a5 b5 16. axb6 Rxb6 17. Qd2 Nxf3+ 18. Bxf3 {½-½ (66) Karjakin,S (2748)-Caruana,F (2819) Zagreb 2019}) 9... Nbd7 10. e4 Bg7 11. Be2 {White is slightly better.} O-O 12. O-O Rb8 13. Nc4 Ne5 14. Nb6 Qc7 $146 ({Predecessor:} 14... Ned7 15. Nxc8 Rfxc8 16. Bf4 c4 {1-0 (33) Shabtai,R (2340)-Lev,R (2450) Tel Aviv 1992}) 15. a5 Ned7 16. Nc4 b5 17. axb6 $1 Nxb6 18. Na5 $36 {[%mdl 2048] White fights for an advantage.} Nbd7 (18... Re8 $14) 19. Nc4 ({White should try} 19. Qc2 $16) 19... Ne8 (19... Nb6 $1 $11) 20. Bf4 Rb4 21. Na2 Rb8 22. Nc3 ({Better is} 22. Qd2 $14) 22... Nb6 (22... Rb4 $1 $11) 23. Na5 $16 f5 24. Nc6 (24. exf5 $142 Rxf5 25. Bg3) 24... Ra8 25. Bg5 Bb7 26. Ne7+ Kh8 27. exf5 Bf6 28. Bxf6+ Nxf6 29. Nc6 $1 gxf5 (29... Nfxd5 $11 {remains equal.} 30. Na5 Rxf5) 30. Bf3 Rae8 31. Qd3 Nbd7 32. Rfe1 Bxc6 33. dxc6 Ne5 $1 {[%cal Re5d3]} 34. Qd1 ({Much worse is} 34. Qxf5 Nfg4 $17) 34... Nxc6 35. Rxe8 Rxe8 36. Nd5 Nxd5 37. Qxd5 Nd4 38. Rxa6 Qe7 39. Bh5 (39. g3 $11) 39... Rd8 (39... Qg5 $1 $15 40. Rxd6 (40. Bxe8 {leads to mate.} Qc1+ {[%mdl 64] Double Attack} 41. Kh2 Ne2 42. Qg8+ Kxg8 43. Ra1 Qxa1 44. Bf7+ Kxf7 45. h4 Qg1+ {[%mdl 64] Double Attack} 46. Kh3 Qh1#) 40... Qxh5 41. Qxc5 Ne2+ 42. Kh2 Qg5) 40. Ra1 {The position is equal.} Rb8 {[#]} 41. b4 $1 {[%mdl 512]} Qf6 {Threatens to win with ...Nf3+!} (41... Rxb4 42. Qa8+) 42. Ra8 Rxa8 $1 43. Qxa8+ Kg7 44. bxc5 dxc5 45. Qa7+ Kh6 46. Bd1 Qe5 {Strongly threatening ...Qe1+.} 47. Qb6+ Kg7 48. Qb7+ Kf6 {...Qe1+ is the strong threat.} 49. Qb6+ Qe6 50. Qd8+ Kg7 51. Qc7+ Kg6 52. Qxc5 Qe1+ {[%mdl 64] [#] Double Attack} 53. Kh2 Qxd1 54. Qd6+ Kh5 55. Qd5 Kg6 {And now ...Qd2 would win.} 56. Qd6+ Kh5 {( -> ...Nf3+!)} 57. Qd5 Qd2 58. Qf7+ {[%mdl 64] Double Attack} Kh6 (58... Kg5 $5 59. Qg7+ $8 Kh5 60. Qxh7+ Qh6 61. g4+ fxg4 62. Qxh6+ Kxh6 $11) 59. Qf6+ Kh5 60. Qf7+ Kh6 (60... Kg5 $5 61. Qg7+ $8 Kh5 62. Qxh7+ Qh6 63. g4+ fxg4 64. Qxh6+ Kxh6 $11) 61. Qf6+ Kh5 62. Qf7+ Kh6 {Accuracy: White = 63%, Black = 55%.} (62... Kg5 $5 63. Qg7+ $8 Kh5 64. g4+ fxg4 65. hxg4+ Kh4 66. Qxh7+ Kg5 67. Qg7+ Kh4 68. Qh8+ Kxg4 69. Qh3+ Kg5 $11) 1/2-1/2

[Event "2nd Salamanca Festival 2019"]
[Site "Salamanca"]
[Date "2019.11.28"]
[Round "3.1"]
[White "Hou, Yifan"]
[Black "Santos Ruiz, Miguel"]
[Result "1/2-1/2"]
[WhiteElo "2659"]
[BlackElo "2583"]
[Annotator "TA"]
[PlyCount "65"]
[EventDate "2019.11.27"]
[EventType "swiss"]
[EventCountry "ESP"]
[SourceTitle "playchess.com"]
[Source "ChessBase"]
[SourceQuality "1"]

{[%evp 12,65,15,2,2,0,6,6,0,0,16,-18,-13,-13,0,-52,-53,-47,-26,-24,-25,-81,-83,-180,-48,-60,-56,-56,-42,-47,-24,-54,-7,-7,-9,-19,-7,-7,-7,-7,-8,-8,-8,-14,0,-2,0,0,0,0,9,9,9,9,9,9]} 1. e4 e5 2. Nf3 Nc6 3. Bb5 Nf6 4. d3 Bc5 5. c3 O-O 6. O-O d6 7. h3 Ne7 {C65: Ruy Lopez: Berlin Defence (3...Nf6), unusual lines and 4 0-0 Bc5} 8. Ba4 Bb6 9. Re1 Ng6 10. Nbd2 c6 11. d4 exd4 12. cxd4 d5 13. e5 (13. Bc2 $11) 13... Nh5 $1 $15 {[#]} 14. Bc2 $146 ({Predecessor:} 14. Nf1 Nhf4 {½-½ (38) Svidler,P (2758)-Anand,V (2770) Khanty-Mansiysk 2014}) 14... Nhf4 15. Nf1 f6 16. Ng3 (16. N1h2 $11) 16... fxe5 $17 17. Nxe5 {[#]} (17. Bxf4 $17 {is a better defense.} exf4 18. Nf1) 17... Qh4 (17... Qf6 $1 $19 18. Bxf4 Nxf4) 18. Bxg6 $15 Nxg6 ({But not} 18... hxg6 $2 19. Bxf4 Qxf4 20. Nxg6 $18) 19. Nxg6 hxg6 20. Be3 Bc7 21. Qd2 Bxg3 (21... Bxh3 $5 22. Bg5 {[#]} Rxf2 $1 {[%mdl 512]} 23. Qxf2 Qxg5 24. gxh3 Bxg3 $15) 22. fxg3 {The position is equal.} Qxg3 {Hoping for ...Bxh3.} 23. Bf2 Qd6 24. Bh4 Bd7 25. Re5 {next Be7 is good for White.} Rae8 26. Rae1 Rxe5 27. Rxe5 {aiming for Be7.} Re8 28. Bg3 $132 {[%mdl 2048] Threatening mate with Rxe8+. White is not keeping still} Rxe5 29. Bxe5 Qe7 30. Qa5 Bf5 31. Qxa7 Be4 {...Qg5! is the strong threat.} 32. Qb8+ Kh7 {White must now prevent ...Qg5!} 33. Qc7 {Accuracy: White = 66%, Black = 64%.} 1/2-1/2